000 00603nam a2200229Ia 4500
005 20260320201207.0
008 008 262003s9999 xx 000 0 eng d
037 _aEBOOK
040 _aCRL
040 _beng
040 _cCRL
041 _2eng
041 _aeng
084 _qCRL
245 0 _aInternet of Things in Business Transformation: Developing an Engineering and Business Strategy for Industry 5.0
260 _bIEEE
260 _c2021
856 _uhttps://ieeexplore.ieee.org/servlet/opac?bknumber=10950333
942 _cEBOOK
999 _c1719570
_d1719570